000 00370nam a2200157Ia 4500
003 OSt
005 20231120083519.0
008 170524s9999 xx 000 0 und d
020 _a81-88658-40-5
040 _cIIMT UNIVERSITY
100 _aDas - Sujata Kumar
245 0 _aHealthcare and food science
260 _bShree pub.& dis.
260 _c2004
942 _2ddc
_c02
999 _c7139
_d7139